Zahranično-obchodné vzťahy Slovenska s Ruskom

Zahraničný obchod Slovenskej republiky orientovaný predovšetkým na krajiny Európskej únie. Ruská federácia - tretí najväčší obchodný partner SR. Objem zahraničného obchodu SR s Ruskou federáciou v období rokov 1993-2006. Prevaha dovozu z Ruska nad vývozom. Závislosť Slovenska na dodávkach ruských en...

Descripción completa

Guardado en:
Detalles Bibliográficos
Autor principal: Drieniková, Kristína, 1982-
Formato: Capítulo de libro
Lenguaje:eslovaco
Materias:
Etiquetas: Agregar Etiqueta
Sin Etiquetas, Sea el primero en etiquetar este registro!

MARC

LEADER 00000naa$a2200000$$$4500
001 0073006
005 20240611112533.4
041 0 |a slo 
044 |a SK 
245 1 0 |a Zahranično-obchodné vzťahy Slovenska s Ruskom  |c Kristína Drieniková 
520 |a Zahraničný obchod Slovenskej republiky orientovaný predovšetkým na krajiny Európskej únie. Ruská federácia - tretí najväčší obchodný partner SR. Objem zahraničného obchodu SR s Ruskou federáciou v období rokov 1993-2006. Prevaha dovozu z Ruska nad vývozom. Závislosť Slovenska na dodávkach ruských energetických a nerastných surovín. Pasívna obchodná bilancia s Ruskom - nepriaznivý trend vývoja zahranično-obchodných vzťahov. Vývozné komodity do Ruskej federácie. 
610 2 0 |a obchod zahraničný 
610 2 0 |a dovoz 
610 2 0 |a vývoz 
610 2 0 |a spolupráca medzinárodná 
610 2 0 |a komodity 
610 2 0 |a energetika 
610 2 0 |a bilancia obchodná 
610 2 0 |a Slovensko 
610 2 0 |a Rusko 
100 1 |a Drieniková, Kristína, 1982-